000 00606nam a22002177a 4500
003 UA-OsUOA
001 79411
007 ta
008 20111109b un ||||| |||| 00| 0 ukr d
100 _aБатура С.
090 _a32
_bБ28
942 _cSA
040 _aUA-OsUOA
_bukr
_cUA-OsUOA
_dUA-OsUOA
245 _aПолітико-правові чинники формування та функціонування виборчих систем
300 _aС.10-13
955 _a0
041 _aukr
080 _a32
773 0 _w79408
_tВіче
_dК.
_d2011
_g20
650 7 _a32 Політика
_2UDC
999 _c365733
_d365733